000 00821nam a2200229Ii 4500
003 JO-AjNU
008 230605s9999||||xx |||||||||||||| ||und||
017 _a(1980/4592)
020 _a977-7337-50-7
040 _aJO-AjNU
_bara
_erda
_cJO-AjNU
041 _aara
050 1 4 _aQL45.2.H85 1988
100 3 _aالحسيني، احمد حماد /م. مشارك اميل شنودة دميان,
_eauthor
_940438
245 0 0 _aبيولوجية الحيوان العلمية باللغتين العربية والانجليزية: الضفدعة، ج1
250 _aط13
264 3 1 _aالقاهرة: دار المعارف، 1988
300 _aج1، 300ص
336 _atext
_btxt
_2rdacontent
337 _aunmediated
_bn
_2rdamedia
338 _avolume
_bnc
_2rdacarrier
650 4 _aاعلم الحيوان
_940439
999 _aA17161
_c20729
_d20729